<?xml version="1.0" encoding="UTF-8"?>
<record
    xmlns:xsi="http://www.w3.org/2001/XMLSchema-instance"
    xsi:schemaLocation="http://www.loc.gov/MARC21/slim http://www.loc.gov/standards/marcxml/schema/MARC21slim.xsd"
    xmlns="http://www.loc.gov/MARC21/slim">

  <leader>03158nam0a2200469   4500</leader>
  <controlfield tag="001">RU\NLR\BIBL_A\012820643</controlfield>
  <controlfield tag="005">20230412142712.0</controlfield>
  <datafield tag="010" ind1=" " ind2=" ">
    <subfield code="a">978-5-00166-597-7</subfield>
    <subfield code="9">70</subfield>
  </datafield>
  <datafield tag="021" ind1=" " ind2=" ">
    <subfield code="a">RU</subfield>
    <subfield code="b">&#x41A;&#x41D;-&#x41F;-22-017291</subfield>
    <subfield code="9">&#x41A;&#x41D;-&#x41F;-22-1490</subfield>
  </datafield>
  <datafield tag="035" ind1=" " ind2=" ">
    <subfield code="a">(NLR Aleph) 012820643</subfield>
  </datafield>
  <datafield tag="035" ind1=" " ind2=" ">
    <subfield code="a">(RuMoRGB)011013677</subfield>
  </datafield>
  <datafield tag="090" ind1=" " ind2=" ">
    <subfield code="a">12317210</subfield>
    <subfield code="c">12317210</subfield>
  </datafield>
  <datafield tag="100" ind1=" " ind2=" ">
    <subfield code="a">20220617d2022    u  y0rusy50      ca</subfield>
  </datafield>
  <datafield tag="101" ind1="0" ind2=" ">
    <subfield code="a">rus</subfield>
  </datafield>
  <datafield tag="102" ind1=" " ind2=" ">
    <subfield code="a">RU</subfield>
  </datafield>
  <datafield tag="105" ind1=" " ind2=" ">
    <subfield code="a">ach|z|||001zy</subfield>
  </datafield>
  <datafield tag="181" ind1=" " ind2="0">
    <subfield code="a">i2</subfield>
    <subfield code="b">ab2e  </subfield>
  </datafield>
  <datafield tag="181" ind1=" " ind2="0">
    <subfield code="a">b2</subfield>
    <subfield code="b">bb2e  </subfield>
  </datafield>
  <datafield tag="182" ind1=" " ind2="0">
    <subfield code="a">n</subfield>
  </datafield>
  <datafield tag="200" ind1="1" ind2=" ">
    <subfield code="a">&#x418;&#x43C;&#x43F;&#x435;&#x440;&#x430;&#x442;&#x43E;&#x440;&#x441;&#x43A;&#x438;&#x435; &#x440;&#x43E;&#x441;&#x441;&#x438;&#x439;&#x441;&#x43A;&#x438;&#x435; &#x43E;&#x440;&#x434;&#x435;&#x43D;&#x430; &#x421;&#x432;. &#x410;&#x43F;&#x43E;&#x441;&#x442;&#x43E;&#x43B;&#x430; &#x410;&#x43D;&#x434;&#x440;&#x435;&#x44F; &#x41F;&#x435;&#x440;&#x432;&#x43E;&#x437;&#x432;&#x430;&#x43D;&#x43D;&#x43E;&#x433;&#x43E;, &#x421;&#x432;. &#x412;&#x435;&#x43B;&#x438;&#x43A;&#x43E;&#x43C;&#x443;&#x447;&#x435;&#x43D;&#x438;&#x446;&#x44B; &#x415;&#x43A;&#x430;&#x442;&#x435;&#x440;&#x438;&#x43D;&#x44B; &#x438; &#x421;&#x432;. &#x410;&#x43B;&#x435;&#x43A;&#x441;&#x430;&#x43D;&#x434;&#x440;&#x430; &#x41D;&#x435;&#x432;&#x441;&#x43A;&#x43E;&#x433;&#x43E;</subfield>
    <subfield code="f">&#x421;. &#x412;. &#x423;&#x448;&#x438;&#x43D;&#x438;&#x43D;, &#x41C;. &#x421;. &#x421;&#x435;&#x43B;&#x438;&#x432;&#x430;&#x43D;&#x43E;&#x432;</subfield>
  </datafield>
  <datafield tag="203" ind1=" " ind2=" ">
    <subfield code="a">&#x422;&#x435;&#x43A;&#x441;&#x442;</subfield>
    <subfield code="a">&#x418;&#x437;&#x43E;&#x431;&#x440;&#x430;&#x436;&#x435;&#x43D;&#x438;&#x435;</subfield>
    <subfield code="b">&#x432;&#x438;&#x437;&#x443;&#x430;&#x43B;&#x44C;&#x43D;&#x44B;&#x435;</subfield>
    <subfield code="c">&#x43D;&#x435;&#x43F;&#x43E;&#x441;&#x440;&#x435;&#x434;&#x441;&#x442;&#x432;&#x435;&#x43D;&#x43D;&#x44B;&#x435;</subfield>
  </datafield>
  <datafield tag="203" ind1=" " ind2=" ">
    <subfield code="a">&#x422;&#x435;&#x43A;&#x441;&#x442;</subfield>
    <subfield code="b">&#x432;&#x438;&#x437;&#x443;&#x430;&#x43B;&#x44C;&#x43D;&#x44B;&#x439;</subfield>
    <subfield code="c">&#x43D;&#x435;&#x43F;&#x43E;&#x441;&#x440;&#x435;&#x434;&#x441;&#x442;&#x432;&#x435;&#x43D;&#x43D;&#x44B;&#x439;</subfield>
  </datafield>
  <datafield tag="210" ind1=" " ind2=" ">
    <subfield code="a">&#x41C;&#x43E;&#x441;&#x43A;&#x432;&#x430;</subfield>
    <subfield code="c">&#x421;&#x430;&#x43C; &#x43F;&#x43E;&#x43B;&#x438;&#x433;&#x440;&#x430;&#x444;&#x438;&#x441;&#x442;</subfield>
    <subfield code="d">2022</subfield>
    <subfield code="e">&#x41C;&#x43E;&#x441;&#x43A;&#x432;&#x430;</subfield>
  </datafield>
  <datafield tag="215" ind1=" " ind2=" ">
    <subfield code="a">311 &#x441;.</subfield>
    <subfield code="c">&#x438;&#x43B;., &#x446;&#x432;. &#x438;&#x43B;., &#x43F;&#x43E;&#x440;&#x442;&#x440;., &#x444;&#x430;&#x43A;&#x441;.</subfield>
    <subfield code="d">29</subfield>
  </datafield>
  <datafield tag="320" ind1=" " ind2=" ">
    <subfield code="a">&#x411;&#x438;&#x431;&#x43B;&#x438;&#x43E;&#x433;&#x440;.: &#x441;. 310-311</subfield>
  </datafield>
  <datafield tag="320" ind1=" " ind2=" ">
    <subfield code="a">&#x423;&#x43A;&#x430;&#x437;. &#x43E;&#x440;&#x434;&#x435;&#x43D;&#x441;. &#x437;&#x43D;&#x430;&#x43A;&#x43E;&#x432;: &#x441;. 3-14</subfield>
  </datafield>
  <datafield tag="330" ind1=" " ind2=" ">
    <subfield code="a">&#x41D;&#x430;&#x441;&#x442;&#x43E;&#x44F;&#x449;&#x435;&#x435; &#x438;&#x437;&#x434;&#x430;&#x43D;&#x438;&#x435; &#x43F;&#x43E;&#x441;&#x432;&#x44F;&#x449;&#x435;&#x43D;&#x43E; &#x438;&#x441;&#x442;&#x43E;&#x440;&#x438;&#x438; &#x440;&#x43E;&#x441;&#x441;&#x438;&#x439;&#x441;&#x43A;&#x438;&#x445; &#x43E;&#x440;&#x434;&#x435;&#x43D;&#x43E;&#x432; &#x421;&#x432;. &#x410;&#x43F;&#x43E;&#x441;&#x442;&#x43E;&#x43B;&#x430; &#x410;&#x43D;&#x434;&#x440;&#x435;&#x44F; &#x41F;&#x435;&#x440;&#x432;&#x43E;&#x437;&#x432;&#x430;&#x43D;&#x43D;&#x43E;&#x433;&#x43E;, &#x421;&#x432;. &#x412;&#x435;&#x43B;&#x438;&#x43A;&#x43E;&#x43C;&#x443;&#x447;&#x435;&#x43D;&#x438;&#x446;&#x44B; &#x415;&#x43A;&#x430;&#x442;&#x435;&#x440;&#x438;&#x43D;&#x44B; &#x438; &#x421;&#x432;. &#x410;&#x43B;&#x435;&#x43A;&#x441;&#x430;&#x43D;&#x434;&#x440;&#x430; &#x41D;&#x435;&#x432;&#x441;&#x43A;&#x43E;&#x433;&#x43E;, &#x436;&#x430;&#x43B;&#x43E;&#x432;&#x430;&#x43D;&#x43D;&#x44B;&#x445; &#x432; 1700-1917 &#x433;&#x43E;&#x434;&#x430;&#x445;. &#x41A;&#x43D;&#x438;&#x433;&#x430; &#x441;&#x43E;&#x441;&#x442;&#x43E;&#x438;&#x442; &#x438;&#x437; &#x43E;&#x442;&#x434;&#x435;&#x43B;&#x44C;&#x43D;&#x44B;&#x445; &#x43E;&#x447;&#x435;&#x440;&#x43A;&#x43E;&#x432;, &#x432; &#x43A;&#x43E;&#x442;&#x43E;&#x440;&#x44B;&#x445; &#x438;&#x437;&#x43B;&#x430;&#x433;&#x430;&#x435;&#x442;&#x441;&#x44F; &#x43A;&#x440;&#x430;&#x442;&#x43A;&#x430;&#x44F; &#x438;&#x441;&#x442;&#x43E;&#x440;&#x438;&#x44F; &#x443;&#x447;&#x440;&#x435;&#x436;&#x434;&#x435;&#x43D;&#x438;&#x44F; &#x43E;&#x440;&#x434;&#x435;&#x43D;&#x43E;&#x432; &#x438; &#x434;&#x430;&#x43D;&#x43E; &#x43E;&#x43F;&#x438;&#x441;&#x430;&#x43D;&#x438;&#x435; &#x43E;&#x441;&#x43D;&#x43E;&#x432;&#x43D;&#x44B;&#x445; &#x442;&#x438;&#x43F;&#x43E;&#x432; &#x43E;&#x440;&#x434;&#x435;&#x43D;&#x441;&#x43A;&#x438;&#x445; &#x437;&#x43D;&#x430;&#x43A;&#x43E;&#x432; &#x438; &#x433;&#x440;&#x430;&#x43C;&#x43E;&#x442;, &#x432;&#x44B;&#x434;&#x430;&#x432;&#x430;&#x435;&#x43C;&#x44B;&#x445; &#x43E;&#x442; &#x41A;&#x430;&#x43F;&#x438;&#x442;&#x443;&#x43B;&#x430; &#x43D;&#x430; &#x43F;&#x43E;&#x436;&#x430;&#x43B;&#x43E;&#x432;&#x430;&#x43D;&#x438;&#x435; &#x43D;&#x430;&#x433;&#x440;&#x430;&#x434;&#x430;&#x43C;&#x438;. &#x414;&#x430;&#x43D;&#x43D;&#x44B;&#x439; &#x442;&#x440;&#x443;&#x434; &#x44F;&#x432;&#x43B;&#x44F;&#x435;&#x442;&#x441;&#x44F; &#x43F;&#x440;&#x43E;&#x434;&#x43E;&#x43B;&#x436;&#x435;&#x43D;&#x438;&#x435;&#x43C; &#x43A;&#x43D;&#x438;&#x433;&#x438; &#x421;. &#x412;. &#x41F;&#x430;&#x43B;&#x44C;&#x446;&#x435;&#x432;&#x430; (&#x421;. &#x412;. &#x423;&#x448;&#x438;&#x43D;&#x438;&#x43D;&#x430;) &#x438; &#x41C;. &#x421;. &#x421;&#x435;&#x43B;&#x438;&#x432;&#x430;&#x43D;&#x43E;&#x432;&#x430; &lt;&#x421;&#x435;&#x440;&#x435;&#x431;&#x440;&#x44F;&#x43D;&#x44B;&#x435; &#x438; &#x437;&#x43E;&#x43B;&#x43E;&#x442;&#x44B;&#x435; &#x43E;&#x440;&#x434;&#x435;&#x43D;&#x441;&#x43A;&#x438;&#x435; &#x437;&#x432;&#x451;&#x437;&#x434;&#x44B; &#x420;&#x43E;&#x441;&#x441;&#x438;&#x439;&#x441;&#x43A;&#x43E;&#x439; &#x438;&#x43C;&#x43F;&#x435;&#x440;&#x438;&#x438;&gt;, &#x438;&#x437;&#x434;&#x430;&#x43D;&#x43D;&#x43E;&#x439; &#x432; 2019 &#x433;&#x43E;&#x434;&#x443;</subfield>
  </datafield>
  <datafield tag="606" ind1="1" ind2=" ">
    <subfield code="a">&#x41E;&#x440;&#x434;&#x435;&#x43D; &#x421;&#x432;&#x44F;&#x442;&#x43E;&#x433;&#x43E; &#x410;&#x43D;&#x434;&#x440;&#x435;&#x44F; &#x41F;&#x435;&#x440;&#x432;&#x43E;&#x437;&#x432;&#x430;&#x43D;&#x43D;&#x43E;&#x433;&#x43E;</subfield>
    <subfield code="2">nlr_sh2</subfield>
    <subfield code="3">RU\NLR\AUTH\661469921</subfield>
  </datafield>
  <datafield tag="606" ind1="1" ind2=" ">
    <subfield code="a">&#x41E;&#x440;&#x434;&#x435;&#x43D; &#x421;&#x432;&#x44F;&#x442;&#x43E;&#x433;&#x43E; &#x410;&#x43B;&#x435;&#x43A;&#x441;&#x430;&#x43D;&#x434;&#x440;&#x430; &#x41D;&#x435;&#x432;&#x441;&#x43A;&#x43E;&#x433;&#x43E;</subfield>
    <subfield code="2">nlr_sh2</subfield>
    <subfield code="3">RU\NLR\AUTH\661469926</subfield>
  </datafield>
  <datafield tag="606" ind1="1" ind2=" ">
    <subfield code="a">&#x41E;&#x440;&#x434;&#x435;&#x43D; &#x421;&#x432;&#x44F;&#x442;&#x43E;&#x439; &#x415;&#x43A;&#x430;&#x442;&#x435;&#x440;&#x438;&#x43D;&#x44B;</subfield>
    <subfield code="2">nlr_sh2</subfield>
    <subfield code="3">RU\NLR\AUTH\661469923</subfield>
  </datafield>
  <datafield tag="675" ind1=" " ind2=" ">
    <subfield code="a">737(47+57)</subfield>
    <subfield code="v">4</subfield>
  </datafield>
  <datafield tag="686" ind1="1" ind2=" ">
    <subfield code="a">&#x422;226(2)5</subfield>
  </datafield>
  <datafield tag="686" ind1="1" ind2=" ">
    <subfield code="a">&#x426;4,8(2)243.71</subfield>
  </datafield>
  <datafield tag="700" ind1=" " ind2="1">
    <subfield code="a">&#x423;&#x448;&#x438;&#x43D;&#x438;&#x43D;</subfield>
    <subfield code="b">&#x421;. &#x412;.</subfield>
  </datafield>
  <datafield tag="701" ind1=" " ind2="1">
    <subfield code="a">&#x421;&#x435;&#x43B;&#x438;&#x432;&#x430;&#x43D;&#x43E;&#x432;</subfield>
    <subfield code="b">&#x41C;.&#x421;.</subfield>
    <subfield code="g">&#x41C;&#x438;&#x445;&#x430;&#x438;&#x43B; &#x421;&#x442;&#x435;&#x43F;&#x430;&#x43D;&#x43E;&#x432;&#x438;&#x447;</subfield>
  </datafield>
  <datafield tag="856" ind1="4" ind2=" ">
    <subfield code="l">VNP_SKP</subfield>
    <subfield code="t">VIEW</subfield>
    <subfield code="u">https://webservices.nlr.ru/viewer/file?name=a012820643_002.txt</subfield>
    <subfield code="y">&#x410;&#x43D;&#x43D;&#x43E;&#x442;&#x430;&#x446;&#x438;&#x44F;</subfield>
  </datafield>
  <datafield tag="856" ind1="4" ind2="1">
    <subfield code="l">VNP_SKP</subfield>
    <subfield code="t">VIEW</subfield>
    <subfield code="u">https://webservices.nlr.ru/viewer/file?name=t012820643_001.jpeg</subfield>
    <subfield code="y">&#x41E;&#x431;&#x43B;&#x43E;&#x436;&#x43A;&#x430;</subfield>
  </datafield>
  <datafield tag="942" ind1=" " ind2=" ">
    <subfield code="c">BOOK</subfield>
  </datafield>
  <datafield tag="980" ind1="4" ind2=" ">
    <subfield code="a">VNP_SKP</subfield>
  </datafield>
  <datafield tag="980" ind1=" " ind2=" ">
    <subfield code="a">NB</subfield>
  </datafield>
  <datafield tag="995" ind1=" " ind2=" ">
    <subfield code="5">2022-06-17</subfield>
    <subfield code="a">ad</subfield>
    <subfield code="b">NLR01</subfield>
    <subfield code="c">NLR01</subfield>
    <subfield code="e">RF81</subfield>
    <subfield code="f">1-3868231</subfield>
    <subfield code="k">2022-8/2194</subfield>
    <subfield code="o">0</subfield>
    <subfield code="r">BOOK</subfield>
    <subfield code="s">202282194_</subfield>
  </datafield>
  <datafield tag="995" ind1=" " ind2=" ">
    <subfield code="5">2022-06-17</subfield>
    <subfield code="a">ad</subfield>
    <subfield code="b">NLR01</subfield>
    <subfield code="c">NLR01</subfield>
    <subfield code="e">RF81</subfield>
    <subfield code="f">1-3868232</subfield>
    <subfield code="k">2022-8/2194</subfield>
    <subfield code="o">0</subfield>
    <subfield code="r">BOOK</subfield>
    <subfield code="s">202282194_</subfield>
  </datafield>
</record>
